[Event "Madrid ch 2016/2017 - Previa A"]
[Site "Madrid ESP"]
[Date "2017.02.15"]
[Round "6.24"]
[White "Montejano Siguero, Sonia"]
[Black "Cupeiro Fernandez, Manuel"]
[Result "0-1"]
[WhiteElo "1483"]
[BlackElo "1511"]
[PlyCount "78"]
[EventDate "2017.02.06"]
[EventType "swiss"]
[EventRounds "9"]
[EventCountry "ESP"]
[SourceTitle "Ajedrez en Madrid"]
[Source "lmi"]
[SourceDate "2017.02.06"]
[SourceVersion "1"]
[SourceVersionDate "2017.02.21"]
[SourceQuality "1"]

1. e4 d6 2. d4 Nf6 3. Nc3 e6 4. Nf3 Be7 5. Bd3 Nbd7 6. e5 dxe5 7. dxe5 Nd5 8.
Bd2 Nc5 9. Be2 O-O 10. Nxd5 Qxd5 11. Be3 Rd8 12. Qxd5 exd5 13. Bxc5 Bxc5 14.
O-O-O Bxf2 15. Rdf1 Be3+ 16. Kb1 Be6 17. Bd3 h6 18. h4 c5 19. h5 c4 20. Be2 b5
21. Nh2 a5 22. Bg4 b4 23. Bxe6 fxe6 24. Rf3 Bg5 25. Rhf1 Rf8 26. Ng4 Rxf3 27.
Rxf3 Rf8 28. Rxf8+ Kxf8 29. g3 Kf7 30. Ka1 g6 31. hxg6+ Kxg6 32. b3 c3 33. Nf2
Kf5 34. Nd3 Be7 35. Kb1 Kg4 36. Kc1 Kxg3 37. Kd1 Kf3 38. Ke1 Ke3 39. Nf2 Bh4
0-1